165 - Né(es) un 14 juin. - Statistiques

Statistiques générales
  • Ce quiz a été pris 11 fois
  • Le résultat moyen est 3 sur 11
Statistiques - réponses
Hint Année de naissance Réponse % Correct
Président des États-Unis de 2017 à 2021. 1946 Donald Trump
100%
Homme d'affaires, il fut le propriétaire de l'Olympique de Marseille et d'Adidas. 1946 Robert Louis-Dreyfus
56%
Figure du groupe Culture Club. 1961 Boy George|George Alan O'Dowd
44%
Pianiste et concertiste chinois, Ambassadeur de bonne volonté de l'Unicef depuis 2004. 1982 Lang Lang
44%
Acteur vu dans "Innocents: The Dreamers", "Les Amants réguliers", "Les Chansons d'amour", "Un peuple et son roi", "L'Homme fidèle", "Les Filles du docteur March", "J’accuse". 1983 Louis Garrel
22%
Elle fut Caroline Holden dans la série "Alerte à Malibu". 1968 Yasmine Bleeth
22%
Actrice vue dans "Congorama", "Les Seigneurs","Le Crocodile du Botswanga", "Qu'est-ce qu'on a encore fait au Bon Dieu ?" 1973 Claudia Tagbo
11%
Acteur français vu dans "Studio Bagel" et "Groom". 1985 Jérôme Niel
11%
Premier candidat de l'émission On n'demande qu'à en rire sur France 2, son premier spectacle se nomma "Modèle déposé". 1974 Olivier de Benoist|Olivier Marie Emmanuel de Benoist de Gentissart|ODB
11%
Journaliste, porte-parole de la Maison-Blanche sous la présidence de Lyndon Johnson jusqu'en 1964. 1925 Pierre Salinger
11%
Poète français, auteur du "Marteau sans maître" en 1934. 1907 René Char
0%
Aucun quiz correspondant
Distribution des résultats
% des personnes avec chaque résultat
Percentile par nombre de réponses
Votre historique - résultats
Vous n’avez pas pris ce quiz